Saberes e incertidumbres sobre el curriculum
Salvato in:
| Autore principale: | |
|---|---|
| Natura: | Sconosciuto |
| Lingua: | inglese |
| Pubblicazione: |
Madrid, España.
Ediciones Morata, S.L.,
2010
|
| Soggetti: | |
| Tags: |
Aggiungi Tag
Nessun Tag, puoi essere il primo ad aggiungerne!!
|
MARC
| LEADER | 00000 a2200000 4500 | ||
|---|---|---|---|
| 003 | CL-VaPUC | ||
| 005 | 20211006124150.0 | ||
| 008 | 210422b ||||| |||| 00| 0 eng d | ||
| 999 | |c 432645 |d 432643 | ||
| 020 | |a 9788471126184 | ||
| 040 | |c Pontificia Universidad Católica de Valparaíso | ||
| 100 | 1 | |a Gimeno Sacristán, José |9 859891 |e compilador | |
| 245 | |a Saberes e incertidumbres sobre el curriculum | ||
| 260 | |a Madrid, España. |b Ediciones Morata, S.L., |c 2010 | ||
| 300 | |a 639 páginas | ||
| 583 | |k Cristina Rojas |c 20210422 | ||
| 650 | 0 | |a Curriculum |2 CL-VaPUC |9 411052 | |
| 650 | 0 | |a Educación integral |2 CL-VaPUC |9 382871 | |
| 650 | 0 | |a Planificación de la educación |9 307333 | |
| 650 | 0 | |a Diseño de curriculos |2 CL-VaPUC |9 452659 | |
| 650 | 0 | |a Métodos de enseñanza |9 270413 | |
| 650 | 0 | |a Evaluación de la educación |9 237505 | |
| 942 | |2 ddc |c BK | ||
| 952 | |0 0 |1 0 |2 ddc |4 0 |6 375_006000000000000_GIM_2010 |7 0 |8 A |9 442672 |a BIBEDU |b BIBEDU |d 2019-11-22 |i 4767519 |l 1 |o 375.006 GIM 2010 |p 4767519 |r 2025-04-25 |s 2025-04-24 |t 3 |w 2019-11-22 |y BK |k EPE | ||
| 952 | |0 0 |1 0 |2 ddc |3 erb |4 0 |6 375_006000000000000_GIM_2010 |7 0 |8 A |9 442673 |a BIBEDU |b BIBEDU |i 5115787 |o 375.006 GIM 2010 |p 5115787 |r 2019-11-22 |t 4 |w 2019-11-22 |y BK |z Catalogado en:20140925 |k EPE | ||
| 952 | |0 0 |1 0 |2 ddc |3 erb |4 0 |6 375_006000000000000_GIM_2010 |7 0 |8 A |9 442674 |a FDOPOS |b FDOPOS |i 516219K |o 375.006 GIM 2010 |p 516219K |r 2025-01-22 |t 1 |w 2019-11-22 |y BK |z Catalogado en:20150605 |k MLA | ||
| 952 | |0 0 |1 0 |2 ddc |3 erb |4 0 |6 375_006000000000000_GIM_2010 |7 0 |8 A |9 442675 |a FDOPOS |b FDOPOS |i 5162203 |o 375.006 GIM 2010 |p 5162203 |r 2025-01-22 |t 2 |w 2019-11-22 |y BK |z Catalogado en:20150605 |k MLA | ||
| 952 | |0 0 |1 0 |2 ddc |4 0 |6 375_006000000000000_GIM_2010 |7 0 |8 A |9 562188 |a BIBEDU |b BIBEDU |d 2020-03-30 |i 5618436 |l 1 |o 375.006 GIM 2010 |p 5618436 |r 2024-09-06 |s 2024-08-30 |t 5 |w 2020-03-30 |y BK |k EPE | ||
| 952 | |0 0 |1 0 |2 ddc |4 0 |6 375_006000000000000_GIM_2010 |7 0 |8 A |9 577944 |a BIBEDU |b BIBEDU |d 2021-05-28 |e 74 |g 61366.00 |i 5583470 |o 375.006 GIM 2010 |p 5583470 |r 2024-08-16 |t 6 |v 61366.00 |w 2021-05-28 |y BK |k FIL | ||